00285 a2200121 450000100060000000300050000608200120001110000130002324500530003626000390008930000170012850000180014590528NUST a297 ESP aEsposito aWhat Everyone Needs to Know About IslamhEnglish aUSAbOxford University Pressc2002 axviii, 204p. aGeneral Books